| 000 | 00422nam a2200157 i 4500 | ||
|---|---|---|---|
| 001 | 97363 | ||
| 003 | ES-MaACL | ||
| 005 | 20230906182104.0 | ||
| 007 | t| | ||
| 008 | 050711s1975 fr ||||1| fre d | ||
| 100 | 1 |
_aMarceau, Felicien. _976359 |
|
| 245 | 1 | 3 |
_aLe corps de mon ennemi / _cFelicien Marceau. |
| 260 |
_aParis : _bGallimard, _c1975. |
||
| 300 |
_a206 p., 3 h. ; _c21 cm. |
||
| 852 |
_aES-MaACL _jA-6110 _bR.94904 |
||
| 999 |
_c97363 _d97363 |
||